Fundamentals of Anatomy & Physiology (Record no. 1493)

MARC details
000 -LEADER
Fixed length control field 00550nam a2200205Ia 4500
003 - CONTROL NUMBER IDENTIFIER
Control field IIN
005 - DATE AND TIME OF LATEST TRANSACTION
Control field 20240105134055.0
008 - FIXED-LENGTH DATA ELEMENTS--GENERAL INFORMATION
Fixed length control field 231217s9999 xx 000 0 und d
020 ## - INTERNATIONAL STANDARD BOOK NUMBER / ISBN
Price Rs.995.00
International Standard Book Number 8131503534
040 ## - CATALOGING SOURCE
Original cataloging agency IIN
Language of cataloging English
082 ## - DEWEY DECIMAL CLASSIFICATION NUMBER
Classification number 612
Book Number RIZ
100 1# - MAIN ENTRY--PERSONAL NAME
Personal name Rizzo, Donald C.
245 1# - TITLE STATEMENT
Title Fundamentals of Anatomy & Physiology
Statement of responsibility Donald C. Rizzo
250 ## - EDITION STATEMENT
Edition statement 2nd ed
260 ## - IMPRINT
Name of publisher Thomsom
Place of publication Australia
Date of publication 2007
300 ## - PHYSICAL DESCRIPTION
Page / Vol. No xxvi, 518p.
650 1# - SUBJECT ADDED ENTRY--TOPICAL TERM
Topical term Anatomy
Form subdivision Fundamentals
650 1# - SUBJECT ADDED ENTRY--TOPICAL TERM
Topical term Physiology
Form subdivision Fundamentals
942 ## - ADDED ENTRY ELEMENTS (KOHA)
Koha item type Books
Holdings
Withdrawn status Lost status Damaged status Not for loan Collection code Home library Current library Date acquired Price Total Checkouts Call number Accession number Date last seen Price effective from Koha item type
          IDEAL INSTITUTE OF NURSING IDEAL INSTITUTE OF NURSING 17/12/2023 995.00   612 RIZ 1487 17/12/2023 17/12/2023 Books
          IDEAL INSTITUTE OF NURSING IDEAL INSTITUTE OF NURSING 17/12/2023 995.00   612 RIZ 1488 17/12/2023 17/12/2023 Books
          IDEAL INSTITUTE OF NURSING IDEAL INSTITUTE OF NURSING 17/12/2023 995.00   612 RIZ 1489 17/12/2023 17/12/2023 Books
© Ideal Institute Of Nursing, All rights reserved.         Powered by Koha